000 00643nam a2200229Ia 4500
003 OSt
005 20220923214627.0
006 a|||||r|||| 00| 0
007 ta
008 220922b |||||||| |||| 00| 0 hin d
024 _a171,339
037 _cTextual
040 _aARTS
_cARTS
_bhin
041 _2hin
_ahin
082 _aO152;3N189:2, J3
100 _aसब्बरवाल, कंचनलता
245 0 _aपुनरूद्धार
246 _aPunarūddhāra
260 _c1953
942 _hO152;3N189:2, J3
_cTEXL
_2CC
999 _c325562
_d325562